Plan of the London-dock : with some observations respecting the river immediately connected with docks in general, and of the improvement of navigation.
Saved in:
| Main Author: | |
|---|---|
| Format: | Book |
| Language: | English |
| Published: |
London :
[s.n.],
1794.
|
| Series: | Goldsmiths'-Kress library of economic literature ;
no. 16091. Making of the Modern World. |
| Subjects: | |
| Tags: |
Add Tag
No Tags, Be the first to tag this record!
|
| LEADER | 01115cam a2200313Ia 4500 | ||
|---|---|---|---|
| 001 | 007398043-9 | ||
| 005 | 20070428113757.0 | ||
| 008 | 900618s1794 enkef s 000 0 eng d | ||
| 010 | |a nuc87796538 | ||
| 035 | 0 | |a ocm03902120 | |
| 035 | 0 | |a ocm21878976 | |
| 040 | |a ResP |c GKS |d RQM | ||
| 043 | |a e-uk-en | ||
| 082 | 4 | |a 330 |b G62 | |
| 090 | |a HB161 |b .G64 no. 16091 | ||
| 100 | 1 | |a Vaughan, William, |d 1752-1850. | |
| 245 | 1 | 0 | |a Plan of the London-dock : |b with some observations respecting the river immediately connected with docks in general, and of the improvement of navigation. |
| 260 | |a London : |b [s.n.], |c 1794. | ||
| 300 | |a [1], 12 p., [1] folded leaf of plates : |b plan. ; |c 8vo. | ||
| 500 | |a Attributed to William Vaughan.--NUC pre-1956. | ||
| 500 | |a Master microform held by: ResP. | ||
| 500 | |a Goldsmiths'-Kress no. 16091. | ||
| 650 | 0 | |a Docks |z England |z London. | |
| 650 | 0 | |a Wharves |z England. | |
| 651 | 0 | |a London (England) |x Commerce. | |
| 830 | 0 | |a Goldsmiths'-Kress library of economic literature ; |v no. 16091. |5 bak | |
| 830 | 0 | |a Making of the Modern World. |5 net | |
| 988 | |a 20020608 | ||
| 906 | |0 OCLC | ||


